Absolute Levels of Cost-Competitiveness Methodological Aspects and Preliminary Estimates

Na minha lista:
Detalhes bibliográficos
Formato: Livro
Idioma:inglês
Publicado em: Paris OECD 1993
Edição:1. ed.
Assuntos:
Tags: Adicionar Tag
Sem tags, seja o primeiro a adicionar uma tag!

MARC

LEADER 00000nam a2200000 4500
001 c005383
005 20221214083426.0
041 0 |a eng 
044 |a FR 
245 1 0 |a Absolute Levels of Cost-Competitiveness  |b Methodological Aspects and Preliminary Estimates 
250 |a 1. ed. 
264 1 |a Paris  |b OECD  |c 1993 
300 |a 29 s. 
610 2 0 |a konkurencia 
610 2 0 |a objem výroby 
610 2 0 |a náklady 
610 2 0 |a sily pracovné 
610 2 0 |a štatistika